| 000 | 00859nam a2200277 a 4500 | ||
|---|---|---|---|
| 001 | 25597 | ||
| 003 | CO-ViMGA | ||
| 008 | 141112s2004 ck r 000 u spa d | ||
| 020 | _a9789585731301 | ||
| 040 |
_aCO-ViMGA _bspa _cCO-ViMGA |
||
| 090 |
_aH _bMAR 49 |
||
| 100 | 1 |
_aTrueba, Fernando, 1955 - _912627 |
|
| 245 | 1 | 0 |
_aChico & Rita / _cJavier Mariscal, Fernando Trueba |
| 250 | _a1a ed. | ||
| 260 |
_aBogotá : _bRey Naranjo, _c2013 |
||
| 300 | _a210 p. : il. col. | ||
| 650 | 1 | 4 |
_aAMOR - NOVELA _96087 |
| 650 | 1 | 4 |
_aAUTORES ESPAÑOLES _91477 |
| 650 | 1 | 4 |
_aCOMICS _9284 |
| 650 | 1 | 4 |
_aILUSTRADORES ESPAÑOLES _912628 |
| 650 | 1 | 4 |
_aLITERATURA ESPAÑOLA - SIGLO XX _912001 |
| 650 | 1 | 4 |
_aNOVELA GRAFICA _92494 |
| 651 |
_aCUBA - VIDA SOCIAL Y COSTUMBRES - SIGLO XX - NOVELA _912629 |
||
| 700 | 1 |
_aMariscal, Javier, 1950 - _912630 |
|
| 942 |
_2ddc _cBK |
||
| 999 |
_c5170 _d5170 |
||